| 000 | 01160cam a2200313 a 4500 | ||
|---|---|---|---|
| 001 | 2079292 | ||
| 003 | OSt | ||
| 005 | 20110722090048.0 | ||
| 008 | 860304s1963 enk b 000 0 eng | ||
| 010 | _a 63004581 /L | ||
| 015 | _aGB63-7507 | ||
| 035 | _a(OCoLC)ocm13835156 | ||
| 040 |
_aDLC _cBNG _dOCL _dCSU _dNRC _dUKM _dZCU |
||
| 050 | 0 |
_aHV6049 _b.C28 |
|
| 082 | _a364.32 WES | ||
| 099 |
_a339.5 _aW524 |
||
| 100 | 1 |
_aWest, D. J. _q(Donald James), _d1924- _92068 |
|
| 245 | 1 | 4 |
_aThe habitual prisoner : _ban enquiry by the Cambridge Institute of Criminology / _ccarried out by D.J. West. |
| 260 |
_aLondon : _bMacmillan ; _aNew York : _bSt. Martin's Press, _c1963. |
||
| 300 |
_ax, 125 p. ; _c23 cm. |
||
| 490 | 1 |
_aCambridge studies in criminology ; _vv. 19 |
|
| 504 | _aIncludes bibliographical references. | ||
| 650 | 0 |
_aRecidivists. _92069 |
|
| 710 | 2 |
_aUniversity of Cambridge. _bInstitute of Criminology. _92070 |
|
| 830 | 0 |
_aCambridge studies in criminology ; _v19. _92071 |
|
| 942 |
_2ddc _cBK |
||
| 999 |
_c758 _d758 |
||